Theories of learning/ (Record no. 1259)

MARC details
000 -LEADER
fixed length control field 00650nam a2200217 a 4500
005 - DATE AND TIME OF LATEST TRANSACTION
control field 20260322212053.0
008 - FIXED-LENGTH DATA ELEMENTS--GENERAL INFORMATION
fixed length control field data
010 ## - LIBRARY OF CONGRESS CONTROL NUMBER
LC control number 80-19396
020 ## - INTERNATIONAL STANDARD BOOK NUMBER
International Standard Book Number 0139144323
020 ## - INTERNATIONAL STANDARD BOOK NUMBER
International Standard Book Number 978-0-13-914432-5
090 ## - LOCALLY ASSIGNED LC-TYPE CALL NUMBER (OCLC); LOCAL CALL NUMBER (RLIN)
Classification number (OCLC) (R) ; Classification number, CALL (RLIN) (NR) BF 318 H55 1981
001 - CONTROL NUMBER
control field data
100 1# - MAIN ENTRY--PERSONAL NAME
Personal name Bower, Gordon H.
245 10 - TITLE STATEMENT
Title Theories of learning/
Statement of responsibility, etc. Gordon H. Bower.
250 ## - EDITION STATEMENT
Edition statement 5th edit.
260 ## - PUBLICATION, DISTRIBUTION, ETC.
Place of publication, distribution, etc. New Jersey
Name of publisher, distributor, etc. Prentice-Hall
Date of publication, distribution, etc. c1975
300 ## - PHYSICAL DESCRIPTION
Extent 647 p.
500 ## - GENERAL NOTE
General note Bibliography ; includes index..
650 #4 - SUBJECT ADDED ENTRY--TOPICAL TERM
Topical term or geographic name entry element Learning, Psychology of.
856 40 - ELECTRONIC LOCATION AND ACCESS
Uniform Resource Identifier <a href="https://openlibrary.org/books/OL5045030M/Theories_of_learning">https://openlibrary.org/books/OL5045030M/Theories_of_learning</a>
Link text Online access from the Open Library.
Public note Requires free sign up.
Holdings
Withdrawn status Lost status Damaged status Not for loan Home library Current library Shelving location Date acquired Total checkouts Full call number Barcode Date last seen Price effective from Koha item type
        Franklin Franklin General stacks 22/03/2026   GEN BC0011300 22/03/2026 22/03/2026 Books